Úvod do problematiky riadenia ľudských zdrojov
Základné pojmy teórie riadenia ľudských zdrojov. Vývin poznania a zmien dotýkajúci sa všetkých subjektov a úrovní riadenia ľudí v organizácii. Zamestnanecká politika a jej zložky. Vecný rámec problematiky riadenia ľudských zdrojov v organizácii.
Saved in:
| Main Author: | |
|---|---|
| Format: | Book Chapter |
| Language: | Slovak |
| Subjects: | |
| Tags: |
No Tags, Be the first to tag this record!
|
MARC
| LEADER | 00000naa a2200000 4500 | ||
|---|---|---|---|
| 001 | r032628 | ||
| 005 | 20230926072853.6 | ||
| 041 | 0 | |a slo | |
| 044 | |a SK | ||
| 245 | 1 | 0 | |a Úvod do problematiky riadenia ľudských zdrojov |c Kvetoslava Repková |
| 520 | |a Základné pojmy teórie riadenia ľudských zdrojov. Vývin poznania a zmien dotýkajúci sa všetkých subjektov a úrovní riadenia ľudí v organizácii. Zamestnanecká politika a jej zložky. Vecný rámec problematiky riadenia ľudských zdrojov v organizácii. | ||
| 610 | 2 | 0 | |a zdroje ľudské |
| 610 | 2 | 0 | |a manažment personálny |
| 610 | 2 | 0 | |a pojmy |
| 610 | 2 | 0 | |a manažéri |
| 610 | 2 | 0 | |a práca personálna |
| 610 | 2 | 0 | |a rozvoj podniku |
| 610 | 2 | 0 | |a politika podniková |
| 610 | 2 | 0 | |a výber pracovníkov |
| 610 | 2 | 0 | |a politika zamestnanosti |
| 100 | 1 | |a Repková, Kvetoslava | |